Schaum's outlines of theory and problems of basic mathematics for electricity and electronics
Αποθηκεύτηκε σε:
| Κύριος συγγραφέας: | |
|---|---|
| Μορφή: | Βιβλίο |
| Γλώσσα: | Undetermined |
| Έκδοση: |
New York
McGraw-Hill
1993
|
| Θέματα: | |
| Ετικέτες: |
Προσθήκη ετικέτας
Δεν υπάρχουν, Καταχωρήστε ετικέτα πρώτοι!
|
| Thư viện lưu trữ: | Trung tâm Học liệu Trường Đại học Cần Thơ |
|---|
| LEADER | 00589nam a2200193Ia 4500 | ||
|---|---|---|---|
| 001 | CTU_51914 | ||
| 008 | 210402s9999 xx 000 0 und d | ||
| 020 | |b 245000 | ||
| 082 | |a 621.3'01'51 | ||
| 082 | |b B423 | ||
| 100 | |a Arthur Beiser | ||
| 245 | 0 | |a Schaum's outlines of theory and problems of basic mathematics for electricity and electronics | |
| 245 | 0 | |c Arthur Beiser | |
| 260 | |a New York | ||
| 260 | |b McGraw-Hill | ||
| 260 | |c 1993 | ||
| 650 | |a electric engineering,electronics | ||
| 650 | |x mathematics,mathematics | ||
| 980 | |a Trung tâm Học liệu Trường Đại học Cần Thơ | ||